00345nam a2200133Ia 4500003000400000008004100004020002300045040000800068100002200076245005800098260002900156300001500185365001100200LDD181029s9999 xx 000 0 und d a8185589429c695.00 cLDD aRamachandra, T.V. 0aManagement of municipal solid wastecT.V. Ramachandra aNew DelhibCapitalc2006 axii, 319p. b695.00